[Event "4. Open Memorial Pedro Lezcano 2011"]
[Site "Gran Canaria ESP"]
[Date "2011.04.22"]
[Round "6.1"]
[White "Granda Zuniga, Julio E"]
[Black "Vera Gonzalez-Quevedo, Reynaldo"]
[Result "1-0"]
[WhiteElo "2615"]
[BlackElo "2518"]
[PlyCount "89"]
[EventDate "2011.04.18"]
[EventType "swiss"]
[EventRounds "9"]
[EventCountry "ESP"]
[Source "lmi"]
[SourceDate "2011.04.18"]

1. Nf3 d5 2. g3 Nf6 3. Bg2 c6 4. d3 Bf5 5. O-O h6 6. b3 Nbd7 7. Bb2 e6 8. Nfd2
Bc5 9. e4 Bg6 10. e5 Ng8 11. Nf3 Ne7 12. Nc3 b5 13. Ne2 a5 14. a3 O-O 15. Nf4
Bh7 16. h4 Nf5 17. Kh2 b4 18. axb4 axb4 19. Rxa8 Qxa8 20. g4 Qa2 21. Qa1 Qxa1
22. Rxa1 Nxh4 23. Nxh4 g5 24. Ne2 gxh4 25. f4 Rc8 26. Bd4 Be7 27. Ra7 Rd8 28.
Bf2 c5 29. Rc7 Kf8 30. d4 c4 31. bxc4 dxc4 32. Rxc4 Nb6 33. Rc6 Nd5 34. Kh3 b3
35. cxb3 Bd3 36. Bxd5 Rxd5 37. Rc8+ Kg7 38. Nc3 Bf1+ 39. Kh2 Ra5 40. d5 exd5
41. Bd4 Kg6 42. Rc6+ Kg7 43. e6+ Kg6 44. Rc7 Bf6 45. exf7 1-0

[Event "4. Open Memorial Pedro Lezcano 2011"]
[Site "Gran Canaria ESP"]
[Date "2011.04.22"]
[Round "6.3"]
[White "Hernando Rodrigo, Jose Maria"]
[Black "Del Rey, Diego"]
[Result "1/2-1/2"]
[WhiteElo "2313"]
[BlackElo "2364"]
[PlyCount "129"]
[EventDate "2011.04.18"]
[EventType "swiss"]
[EventRounds "9"]
[EventCountry "ESP"]
[Source "lmi"]
[SourceDate "2011.04.18"]

1. Nf3 d5 2. d4 Nf6 3. c4 c6 4. Nc3 dxc4 5. a4 Bf5 6. e3 e6 7. Bxc4 Bb4 8. O-O
Nbd7 9. h3 O-O 10. Qe2 Ne4 11. Nxe4 Bxe4 12. Rd1 Qe7 13. b3 c5 14. Bb2 Nb6 15.
dxc5 Nxc4 16. Qxc4 Bxf3 17. gxf3 Bxc5 18. Kh1 Rad8 19. Rxd8 Rxd8 20. Rg1 f6 21.
Bc3 Kh8 22. b4 Bb6 23. Rc1 e5 24. a5 Bc7 25. b5 Bd6 26. Rd1 h6 27. b6 axb6 28.
axb6 Re8 29. Kg2 Qe6 30. Rd5 Rc8 31. Qd3 Rxc3 32. Rxd6 Rxd3 33. Rxe6 Rb3 34. h4
h5 35. Rd6 Kg8 36. Rd8+ Kh7 37. Rd6 Kg6 38. Kg3 Rb4 39. Kh3 Kf5 40. Kg3 g5 41.
hxg5 Kxg5 42. Kg2 Kf5 43. e4+ Kg6 44. Kg3 Kg5 45. Re6 Rb3 46. Kg2 h4 47. Rd6
Kg6 48. Rd8 Rxb6 49. Rh8 Rb4 50. Rxh4 Kg7 51. Rh1 b5 52. Kg3 Rb2 53. Rf1 Rb4
54. Re1 Rb3 55. Kg4 Rb2 56. Rf1 Rb4 57. Kf5 Rb3 58. Kg4 Kf7 59. f4 Rb4 60. Kf5
exf4 61. Kxf4 Ke6 62. Ke3 Rb3+ 63. Kd4 Rb4+ 64. Kd3 Rb3+ 65. Kd4 1/2-1/2

[Event "4. Open Memorial Pedro Lezcano 2011"]
[Site "Gran Canaria ESP"]
[Date "2011.04.22"]
[Round "6.4"]
[White "Barlov, Dragan"]
[Black "Gutierrez Olivares, Daniel"]
[Result "1-0"]
[WhiteElo "2472"]
[BlackElo "2205"]
[PlyCount "71"]
[EventDate "2011.04.18"]
[EventType "swiss"]
[EventRounds "9"]
[EventCountry "ESP"]
[Source "lmi"]
[SourceDate "2011.04.18"]

1. Nf3 Nf6 2. c4 e6 3. Nc3 b6 4. e4 d6 5. d4 Bb7 6. Bd3 Nbd7 7. O-O c5 8. d5 e5
9. a3 Be7 10. b4 O-O 11. Nd2 Ne8 12. Nb3 g6 13. bxc5 Nxc5 14. Nxc5 bxc5 15. Bh6
Ng7 16. Qd2 f5 17. f4 exf4 18. exf5 g5 19. Rae1 Bc8 20. g4 Bf6 21. Ne4 Rf7 22.
Kh1 Rb8 23. Rb1 Rfb7 24. Rxb7 Rxb7 25. Rb1 Rxb1+ 26. Bxb1 Ne8 27. h4 gxh4 28.
Bxf4 Qb6 29. Bd3 Qb3 30. Nxf6+ Nxf6 31. Bxd6 Qxa3 32. Be5 Kf7 33. Qh6 Ne8 34.
Qxh7+ Kf8 35. Qh6+ Kf7 36. Qd2 1-0

[Event "4. Open Memorial Pedro Lezcano 2011"]
[Site "Gran Canaria ESP"]
[Date "2011.04.22"]
[Round "6.6"]
[White "Garcia Padron, Jose"]
[Black "Perez Aleman, Pedro Tomas"]
[Result "0-1"]
[WhiteElo "2434"]
[BlackElo "2108"]
[PlyCount "88"]
[EventDate "2011.04.18"]
[EventType "swiss"]
[EventRounds "9"]
[EventCountry "ESP"]
[Source "lmi"]
[SourceDate "2011.04.18"]

1. e4 e5 2. Nf3 Nc6 3. d4 exd4 4. Nxd4 Bc5 5. Be3 Qf6 6. c3 Nge7 7. Bc4 Ne5 8.
Be2 Qg6 9. O-O d6 10. Bh5 Qxe4 11. Nd2 Qd3 12. Be2 Qg6 13. Bh5 Qd3 14. Re1 O-O
15. Be2 Qg6 16. Bh5 Qd3 17. N2b3 Bb6 18. Bg5 Qxd1 19. Raxd1 N7c6 20. Re2 g6 21.
Bf3 Nxf3+ 22. gxf3 Bd7 23. Nc2 Rfe8 24. Ne3 Ne5 25. Kg2 Bc6 26. Nd2 Kg7 27. Bh4
Nd3 28. Kf1 Nxb2 29. Rb1 Nd3 30. Bg3 f5 31. f4 Nc5 32. Ndc4 Be4 33. Rd1 Bf3 34.
Red2 Ne4 35. Nd5 Nxd2+ 36. Rxd2 Bxd5 37. Rxd5 Re4 38. Nb2 Rae8 39. Nd3 Ra4 40.
Nc1 Rae4 41. Nd3 Re2 42. a4 Ra2 43. c4 Rxa4 44. c5 Ra5 0-1

[Event "4. Open Memorial Pedro Lezcano 2011"]
[Site "Gran Canaria ESP"]
[Date "2011.04.22"]
[Round "6.7"]
[White "Menvielle Laccourreye, Augusto"]
[Black "Lopez Colon, Francisco"]
[Result "1-0"]
[WhiteElo "2265"]
[BlackElo "2099"]
[PlyCount "75"]
[EventDate "2011.04.18"]
[EventType "swiss"]
[EventRounds "9"]
[EventCountry "ESP"]
[Source "lmi"]
[SourceDate "2011.04.18"]

1. e4 g6 2. d4 Bg7 3. Nf3 c5 4. c3 cxd4 5. cxd4 Nf6 6. Nc3 d6 7. Be2 O-O 8. O-O
Nc6 9. d5 Nb8 10. Be3 Nbd7 11. Bd4 a6 12. Re1 b5 13. a3 Bb7 14. Bf1 Rc8 15. Na2
Nc5 16. Nc3 e5 17. Bxc5 Rxc5 18. Nd2 Nd7 19. Nb3 Rc8 20. a4 b4 21. Na2 a5 22.
Rc1 f5 23. Rxc8 Bxc8 24. Nac1 fxe4 25. Nd2 Nf6 26. Ncb3 Nxd5 27. Bc4 Be6 28.
Nxe4 Nf4 29. Bxe6+ Nxe6 30. Qd5 Re8 31. Nxa5 Qa8 32. Nc6 Bf8 33. Nf6+ Kf7 34.
Nxe8 Qxe8 35. a5 Kf6 36. a6 Nc7 37. Qf3+ Kg7 38. a7 1-0

[Event "4. Open Memorial Pedro Lezcano 2011"]
[Site "Gran Canaria ESP"]
[Date "2011.04.22"]
[Round "6.8"]
[White "Gonzalez Garcia, Guillermo W"]
[Black "Rodriguez Lapetra, Pablo"]
[Result "0-1"]
[WhiteElo "2203"]
[BlackElo "2105"]
[PlyCount "64"]
[EventDate "2011.04.18"]
[EventType "swiss"]
[EventRounds "9"]
[EventCountry "ESP"]
[Source "lmi"]
[SourceDate "2011.04.18"]

1. c4 Nf6 2. Nf3 g6 3. b3 Bg7 4. Bb2 O-O 5. g3 c5 6. Bg2 Nc6 7. O-O d6 8. Nc3
Rb8 9. d4 cxd4 10. Nxd4 Bd7 11. e3 a6 12. Nd5 Nxd4 13. Bxd4 Nxd5 14. cxd5 Bxd4
15. Qxd4 Qa5 16. Qh4 Rfe8 17. Rfc1 Rbc8 18. a4 Qd2 19. Rd1 Qc2 20. Rab1 Rc3 21.
Qb4 Rc7 22. h3 Rec8 23. Qh4 b5 24. Qxe7 Bg4 25. Qxc7 Rxc7 26. hxg4 bxa4 27.
bxa4 Qxa4 28. Bf1 Rc2 29. Rd4 Qa2 30. Rb8+ Kg7 31. Rf4 Rc1 32. Rb7 Qxd5 0-1

[Event "4. Open Memorial Pedro Lezcano 2011"]
[Site "Gran Canaria ESP"]
[Date "2011.04.22"]
[Round "6.9"]
[White "Alvarado Diaz, Alejandro"]
[Black "Fernandez Manrique, Agustin"]
[Result "1/2-1/2"]
[WhiteElo "2104"]
[BlackElo "2158"]
[PlyCount "33"]
[EventDate "2011.04.18"]
[EventType "swiss"]
[EventRounds "9"]
[EventCountry "ESP"]
[Source "lmi"]
[SourceDate "2011.04.18"]

1. c4 g6 2. g3 Bg7 3. Bg2 Nf6 4. e4 d6 5. Ne2 O-O 6. O-O c5 7. Nbc3 Nc6 8. h3
a6 9. d3 Rb8 10. Rb1 b5 11. b3 Ne8 12. Bb2 Nc7 13. f4 Ne6 14. g4 Ned4 15. Nxd4
Nxd4 16. f5 e6 17. Ne2 1/2-1/2

[Event "4. Open Memorial Pedro Lezcano 2011"]
[Site "Gran Canaria ESP"]
[Date "2011.04.22"]
[Round "6.10"]
[White "Martin Hernandez, Ruben"]
[Black "Meneses Gonzalez, Kevin Moises"]
[Result "1/2-1/2"]
[WhiteElo "2095"]
[BlackElo "2150"]
[PlyCount "34"]
[EventDate "2011.04.18"]
[EventType "swiss"]
[EventRounds "9"]
[EventCountry "ESP"]
[Source "lmi"]
[SourceDate "2011.04.18"]

1. Nf3 Nf6 2. c4 g6 3. b4 Bg7 4. Bb2 c6 5. e3 O-O 6. Be2 d6 7. O-O Nbd7 8. d3
a6 9. Nbd2 b5 10. Qc2 Nb6 11. Rac1 Bd7 12. Rfd1 Na4 13. Bd4 c5 14. bxc5 Nxc5
15. Bxc5 dxc5 16. Ne5 Qc7 17. Nxd7 Nxd7 1/2-1/2

[Event "4. Open Memorial Pedro Lezcano 2011"]
[Site "Gran Canaria ESP"]
[Date "2011.04.22"]
[Round "6.11"]
[White "Molina Rodriguez, Borja"]
[Black "Lopez Pereyra, Antonio"]
[Result "1-0"]
[WhiteElo "2079"]
[BlackElo "2119"]
[PlyCount "111"]
[EventDate "2011.04.18"]
[EventType "swiss"]
[EventRounds "9"]
[EventCountry "ESP"]
[Source "lmi"]
[SourceDate "2011.04.18"]

1. e4 c5 2. Nf3 Nc6 3. d4 cxd4 4. Nxd4 Nf6 5. Nc3 d6 6. Bg5 e6 7. Qd2 a6 8.
O-O-O Bd7 9. f4 Qc7 10. Kb1 Be7 11. Nf3 O-O-O 12. f5 Kb8 13. g3 Ne5 14. Nd4 h6
15. Bf4 Rhe8 16. Qe1 Bf8 17. fxe6 fxe6 18. Bh3 g5 19. Bc1 d5 20. Rf1 Bg7 21.
exd5 Nxd5 22. Nxd5 exd5 23. Bxd7 Qxd7 24. Qf2 Rf8 25. Qg2 Rxf1 26. Qxf1 Qg4 27.
h3 Qd7 28. Qf5 Bh8 29. h4 Rg8 30. Qxd7 Nxd7 31. hxg5 hxg5 32. Ne6 Re8 33. Nxg5
Nb6 34. Bf4+ Kc8 35. Nf7 Kd7 36. Nxh8 Rxh8 37. Be3 Nc4 38. Bd4 Rh2 39. Kc1 Ke6
40. b3 Nd6 41. g4 Ne4 42. Rg1 Kf7 43. Rf1+ Kg6 44. Rf5 Rg2 45. Rxd5 Rxg4 46.
Rd7 Ng3 47. Be5 Ne2+ 48. Kb2 Re4 49. Bh2 Rh4 50. Bb8 Rb4 51. a3 Rb5 52. c4 Rh5
53. Rxb7 Kf5 54. Re7 Rh8 55. Rxe2 Rxb8 56. Kc3 1-0

[Event "4. Open Memorial Pedro Lezcano 2011"]
[Site "Gran Canaria ESP"]
[Date "2011.04.22"]
[Round "6.12"]
[White "Vega Gutierrez, Belinda"]
[Black "Rodriguez Ferraz, Borja"]
[Result "1-0"]
[WhiteElo "2255"]
[BlackElo "2079"]
[PlyCount "57"]
[EventDate "2011.04.18"]
[EventType "swiss"]
[EventRounds "9"]
[EventCountry "ESP"]
[Source "lmi"]
[SourceDate "2011.04.18"]

1. e4 e5 2. Nf3 Nc6 3. Bc4 Nf6 4. Ng5 d5 5. exd5 Na5 6. Bb5+ c6 7. dxc6 bxc6 8.
Qf3 Be7 9. Bd3 O-O 10. Nc3 h6 11. Nge4 Nh7 12. Ng3 Ng5 13. Qe2 Qc7 14. Nf5 Bxf5
15. Bxf5 g6 16. h4 Nh7 17. Bd3 Nf6 18. b3 Nh5 19. g3 f5 20. Bb2 Kh7 21. O-O-O
Bd6 22. Rde1 e4 23. Ba6 Bxg3 24. fxg3 Nxg3 25. Qh2 f4 26. Nxe4 Nxh1 27. Qxh1
Qb6 28. Bd3 Qd8 29. Ng5+ 1-0

[Event "4. Open Memorial Pedro Lezcano 2011"]
[Site "Gran Canaria ESP"]
[Date "2011.04.22"]
[Round "6.13"]
[White "Cabrera Trujillo, Jorge"]
[Black "Garcia Rodriguez, Sara"]
[Result "1-0"]
[WhiteElo "2392"]
[BlackElo "1975"]
[PlyCount "65"]
[EventDate "2011.04.18"]
[EventType "swiss"]
[EventRounds "9"]
[EventCountry "ESP"]
[Source "lmi"]
[SourceDate "2011.04.18"]

1. Nf3 Nf6 2. c4 g6 3. Nc3 Bg7 4. e4 d6 5. d4 O-O 6. Be2 e5 7. O-O Nc6 8. d5
Ne7 9. Ne1 Nd7 10. Be3 f5 11. f3 f4 12. Bf2 g5 13. Rc1 Rf6 14. c5 a6 15. b4 Nf8
16. Na4 Rh6 17. Kh1 Qe8 18. cxd6 cxd6 19. Nb6 Rb8 20. Nxc8 Rxc8 21. Rxc8 Nxc8
22. Qc2 Qd7 23. Nd3 Ng6 24. Rc1 Nge7 25. Nb2 Rf6 26. Qc7 Qxc7 27. Rxc7 b5 28.
a4 Rf8 29. axb5 axb5 30. Bxb5 h5 31. Ba6 Bf6 32. b5 g4 33. b6 1-0

[Event "4. Open Memorial Pedro Lezcano 2011"]
[Site "Gran Canaria ESP"]
[Date "2011.04.22"]
[Round "6.14"]
[White "Garcia Blanco, Omar"]
[Black "Perez Barreto, Adrian"]
[Result "1-0"]
[WhiteElo "2209"]
[BlackElo "1861"]
[PlyCount "67"]
[EventDate "2011.04.18"]
[EventType "swiss"]
[EventRounds "9"]
[EventCountry "ESP"]
[Source "lmi"]
[SourceDate "2011.04.18"]

1. e4 c5 2. c3 Nf6 3. e5 Nd5 4. d4 cxd4 5. cxd4 d6 6. Nf3 e6 7. Bc4 Nc6 8. O-O
Nb6 9. Bd3 Be7 10. Nc3 h6 11. Qe2 a6 12. a3 Nd7 13. Rd1 dxe5 14. dxe5 Qc7 15.
Re1 Nc5 16. Bc2 b6 17. b4 Nd7 18. Bb2 Bb7 19. Rac1 b5 20. Bd3 O-O 21. Qe4 g6
22. Qf4 Kg7 23. Ne4 Nb6 24. Nf6 Rad8 25. Red1 Nd5 26. Qg3 Qb8 27. Be4 Bxf6 28.
exf6+ Nxf6 29. Qh4 Rxd1+ 30. Rxd1 e5 31. Bxc6 Rd8 32. Re1 Bxc6 33. Bxe5 g5 34.
Bxf6+ 1-0

[Event "4. Open Memorial Pedro Lezcano 2011"]
[Site "Gran Canaria ESP"]
[Date "2011.04.22"]
[Round "6.15"]
[White "Galvan Sarmiento, Jose Luis"]
[Black "Natalicchio Escalante, Nicolas"]
[Result "0-1"]
[WhiteElo "1997"]
[BlackElo "2201"]
[PlyCount "60"]
[EventDate "2011.04.18"]
[EventType "swiss"]
[EventRounds "9"]
[EventCountry "ESP"]
[Source "lmi"]
[SourceDate "2011.04.18"]

1. d4 e6 2. Nf3 f5 3. Bf4 Nf6 4. h3 d6 5. e3 h6 6. Be2 g5 7. Bh2 Bg7 8. c4 O-O
9. Nc3 Qe7 10. Qc2 Nfd7 11. O-O-O c6 12. Rhg1 e5 13. dxe5 dxe5 14. g4 Nc5 15.
b4 Nca6 16. a3 f4 17. Ne4 Nc7 18. Rd6 Be6 19. Rgd1 a5 20. Qc3 axb4 21. axb4 Nd7
22. Nfd2 Ra2 23. Bd3 Rfa8 24. Bb1 R2a3 25. Nb3 Nb6 26. Qd3 Ne8 27. Rd8 Bxc4 28.
Nf6+ Qxf6 29. Qh7+ Kf8 30. Bg6 Rxd8 0-1

[Event "4. Open Memorial Pedro Lezcano 2011"]
[Site "Gran Canaria ESP"]
[Date "2011.04.22"]
[Round "6.16"]
[White "Nortes Hernandez, Pedro"]
[Black "Perez Rosales, Pedro"]
[Result "1-0"]
[WhiteElo "2034"]
[BlackElo "2148"]
[PlyCount "41"]
[EventDate "2011.04.18"]
[EventType "swiss"]
[EventRounds "9"]
[EventCountry "ESP"]
[Source "lmi"]
[SourceDate "2011.04.18"]

1. e4 g6 2. d4 c6 3. Nc3 d5 4. e5 h5 5. Nf3 Bg4 6. h3 Bxf3 7. Qxf3 Qb6 8. e6
fxe6 9. Bd3 Nf6 10. Bxg6+ Kd7 11. O-O Qxd4 12. Be3 Qb4 13. a3 Qh4 14. Rad1 Bg7
15. Rfe1 Na6 16. Bf4 Ng4 17. Nxd5 cxd5 18. Rxd5+ Kc8 19. Rxe6 Rf8 20. Bf5 Rxf5
21. Rxf5 1-0

[Event "4. Open Memorial Pedro Lezcano 2011"]
[Site "Gran Canaria ESP"]
[Date "2011.04.22"]
[Round "6.17"]
[White "Ramirez Medina, Oscar"]
[Black "Rodriguez Melian, Jose Luis"]
[Result "0-1"]
[WhiteElo "1931"]
[BlackElo "2141"]
[PlyCount "86"]
[EventDate "2011.04.18"]
[EventType "swiss"]
[EventRounds "9"]
[EventCountry "ESP"]
[Source "lmi"]
[SourceDate "2011.04.18"]

1. e4 e5 2. Nf3 Nf6 3. d4 Nxe4 4. Bd3 d5 5. Nxe5 Nd7 6. Nxd7 Bxd7 7. c4 Bb4+ 8.
Nd2 Nxd2 9. Bxd2 Qe7+ 10. Qe2 Bxd2+ 11. Kxd2 Be6 12. cxd5 Qg5+ 13. Qe3 Qxd5 14.
Qe5 Qxe5 15. dxe5 O-O-O 16. Rhe1 Rd4 17. Re4 Rd7 18. Kc3 Re8 19. Rd4 Red8 20.
Rxd7 Rxd7 21. f4 g6 22. h3 h5 23. b3 c5 24. Rf1 Bd5 25. Rf2 Kc7 26. g4 hxg4 27.
hxg4 Re7 28. b4 cxb4+ 29. Kxb4 g5 30. Kc5 Bc6 31. Kd4 gxf4 32. Rxf4 Rd7+ 33.
Ke3 Bd5 34. Bc4 Kc6 35. Bxd5+ Kxd5 36. Re4 Rc7 37. Kd3 Rc3+ 38. Kxc3 Kxe4 39.
e6 fxe6 40. Kc4 b6 41. a4 a6 42. Kc3 Kf4 43. Kd4 b5 0-1

[Event "4. Open Memorial Pedro Lezcano 2011"]
[Site "Gran Canaria ESP"]
[Date "2011.04.22"]
[Round "6.18"]
[White "Cruz Pino, Adrian"]
[Black "Herrera Reyes, Jose Antonio"]
[Result "0-1"]
[WhiteElo "1889"]
[BlackElo "2111"]
[PlyCount "62"]
[EventDate "2011.04.18"]
[EventType "swiss"]
[EventRounds "9"]
[EventCountry "ESP"]
[Source "lmi"]
[SourceDate "2011.04.18"]

1. e4 c5 2. Nf3 e6 3. d4 cxd4 4. Nxd4 a6 5. Bd3 Qc7 6. c4 b6 7. O-O Bb7 8. Nc3
Nf6 9. Re1 d6 10. Be3 Nbd7 11. f3 Be7 12. Rc1 O-O 13. b3 Rac8 14. Qd2 Rfd8 15.
Qf2 Ne5 16. Bb1 Qb8 17. h3 Ng6 18. Kh1 Nh5 19. Nde2 d5 20. Red1 Bh4 21. Qf1
dxc4 22. Rxd8+ Bxd8 23. bxc4 Rxc4 24. Kg1 b5 25. Qd1 Bf6 26. Bd3 Rc8 27. Qe1
Ne5 28. Bb1 Nc4 29. Qf2 h6 30. f4 Nxe3 31. Qxe3 Bxc3 0-1

[Event "4. Open Memorial Pedro Lezcano 2011"]
[Site "Gran Canaria ESP"]
[Date "2011.04.22"]
[Round "6.19"]
[White "Acosta Sosa, Juan Manuel"]
[Black "Capote Robayna, Nathaniel"]
[Result "1-0"]
[WhiteElo "2066"]
[BlackElo "1962"]
[PlyCount "75"]
[EventDate "2011.04.18"]
[EventType "swiss"]
[EventRounds "9"]
[EventCountry "ESP"]
[Source "lmi"]
[SourceDate "2011.04.18"]

1. c4 Nf6 2. Nc3 g6 3. g3 Bg7 4. Bg2 O-O 5. Nf3 d6 6. O-O e5 7. d3 c6 8. Rb1
Nbd7 9. b4 Re8 10. Nd2 Nf8 11. b5 c5 12. a4 Rb8 13. Nb3 Ne6 14. e3 Ng5 15. h4
Nh3+ 16. Kh1 g5 17. hxg5 Nxg5 18. f4 exf4 19. gxf4 Ng4 20. f5 h5 21. Nd5 Ne4
22. Qe1 Nc3 23. Nxc3 Bxc3 24. Qg3 Bf6 25. e4 Bh4 26. Qf4 Bf2 27. Bh3 Qh4 28.
Qg5+ Kh7 29. Qxh4 Bxh4 30. Bxg4 hxg4 31. Bf4 Bxf5 32. Rb2 g3 33. exf5 Kg7 34.
Kg2 Rh8 35. Bxg3 Bxg3 36. Kxg3 Kf6 37. Rbf2 Ke5 38. Kf3 1-0

[Event "4. Open Memorial Pedro Lezcano 2011"]
[Site "Gran Canaria ESP"]
[Date "2011.04.22"]
[Round "6.20"]
[White "Santos Izquierdo, Carlos"]
[Black "Gonzalez Intelangelo, Gerardo"]
[Result "1-0"]
[WhiteElo "1820"]
[BlackElo "2061"]
[PlyCount "79"]
[EventDate "2011.04.18"]
[EventType "swiss"]
[EventRounds "9"]
[EventCountry "ESP"]
[Source "lmi"]
[SourceDate "2011.04.18"]

1. c4 f5 2. g3 Nf6 3. Bg2 e6 4. Nc3 Be7 5. d3 O-O 6. e4 fxe4 7. dxe4 Nc6 8. Nh3
d6 9. O-O e5 10. f3 Nd4 11. Be3 c5 12. Qd2 Bd7 13. Nf2 Kh8 14. Nd3 Be6 15. b3
a6 16. Nd5 Nxd5 17. cxd5 Bd7 18. f4 Qc7 19. Rac1 b6 20. Bxd4 exd4 21. e5 Bb5
22. Rfe1 Bxd3 23. Qxd3 Qa7 24. exd6 Bxd6 25. Re6 Rad8 26. Rce1 b5 27. Be4 Qb7
28. Qf3 Qf7 29. Qg4 Qg8 30. Qh5 c4 31. bxc4 bxc4 32. Rc1 c3 33. Bd3 Bc5 34. Kg2
Rd6 35. Rce1 Rxe6 36. dxe6 Be7 37. Bg6 Rc8 38. Bd3 c2 39. Rc1 Qxe6 40. Qxh7#
1-0

[Event "4. Open Memorial Pedro Lezcano 2011"]
[Site "Gran Canaria ESP"]
[Date "2011.04.22"]
[Round "6.21"]
[White "Arana Herrera, Antonio"]
[Black "Navarro Molina, David"]
[Result "1-0"]
[WhiteElo "1819"]
[BlackElo "2055"]
[PlyCount "97"]
[EventDate "2011.04.18"]
[EventType "swiss"]
[EventRounds "9"]
[EventCountry "ESP"]
[Source "lmi"]
[SourceDate "2011.04.18"]

1. e4 c5 2. Nf3 e6 3. d4 cxd4 4. Nxd4 Nc6 5. Nc3 Qc7 6. Ndb5 Qb8 7. Be3 a6 8.
Bb6 axb5 9. Nxb5 Bb4+ 10. c3 Ba5 11. Nc7+ Qxc7 12. Bxc7 Bxc7 13. Qg4 Kf8 14.
Bb5 Nge7 15. O-O h5 16. Qe2 Ng6 17. a4 Rh6 18. b4 b6 19. Rfd1 Nf4 20. Qc4 e5
21. Rd2 Rg6 22. Rad1 Ke7 23. f3 Ra7 24. Kf1 Bb8 25. g3 Nh3 26. a5 bxa5 27. Qc5+
Ke8 28. Bc4 axb4 29. cxb4 Rc7 30. b5 Ne7 31. Qxe5 Rg5 32. Qd4 Ba7 33. b6 Bxb6
34. Bxf7+ Kxf7 35. Qxb6 Rgc5 36. f4 R5c6 37. Qb3+ Ke8 38. Kg2 Rc3 39. Qb2 d6
40. Qb5+ Kf8 41. Qxh5 R7c6 42. f5 g6 43. Qh8+ Kf7 44. Qh7+ Kf8 45. f6 Nf5 46.
exf5 Rc7 47. Qh8+ Kf7 48. Re1 Bb7+ 49. Kxh3 1-0

[Event "4. Open Memorial Pedro Lezcano 2011"]
[Site "Gran Canaria ESP"]
[Date "2011.04.22"]
[Round "6.22"]
[White "Sanchez Quintero, Raul"]
[Black "Schlittermann, Wolfgang"]
[Result "1-0"]
[WhiteElo "2054"]
[BlackElo "1745"]
[PlyCount "53"]
[EventDate "2011.04.18"]
[EventType "swiss"]
[EventRounds "9"]
[EventCountry "ESP"]
[Source "lmi"]
[SourceDate "2011.04.18"]

1. e4 g6 2. d4 Bg7 3. Nc3 e6 4. Be3 Ne7 5. Qd2 b6 6. O-O-O Bb7 7. Kb1 f5 8. f3
O-O 9. h4 fxe4 10. fxe4 d5 11. Bd3 dxe4 12. Bxe4 Bxe4 13. Nxe4 Nf5 14. Nf3 Qd5
15. Nc3 Qd7 16. Bf2 Nc6 17. h5 Rf6 18. Ne4 Rff8 19. hxg6 hxg6 20. Qg5 Nfe7 21.
Qh4 Rf5 22. Nfg5 Nd8 23. g4 Rf4 24. Be3 Rxe4 25. Nxe4 Nf7 26. Rdf1 Qd5 27. Qxe7
1-0

[Event "4. Open Memorial Pedro Lezcano 2011"]
[Site "Gran Canaria ESP"]
[Date "2011.04.22"]
[Round "6.23"]
[White "Viera Falcon, Cristo"]
[Black "Lopez De Turiso, Jose Angel"]
[Result "1-0"]
[WhiteElo "1805"]
[BlackElo "2053"]
[PlyCount "111"]
[EventDate "2011.04.18"]
[EventType "swiss"]
[EventRounds "9"]
[EventCountry "ESP"]
[Source "lmi"]
[SourceDate "2011.04.18"]

1. d4 Nf6 2. c4 e5 3. dxe5 Ne4 4. g3 d6 5. Bg2 Nc5 6. Nf3 Nc6 7. Bg5 f6 8. exf6
gxf6 9. Nd4 fxg5 10. Nxc6 bxc6 11. Bxc6+ Bd7 12. Bxa8 Qxa8 13. f3 Bg7 14. Nc3
Be6 15. Qd2 O-O 16. Qxg5 Bxc4 17. O-O Kh8 18. Qd2 Qb7 19. Rad1 Rb8 20. b3 Be6
21. g4 Qb4 22. Nd5 Qb7 23. e4 Rg8 24. h3 Be5 25. Ne7 Rg7 26. Nf5 Bxf5 27. exf5
Qb6 28. Qe3 Re7 29. Qf2 a5 30. Kg2 a4 31. f4 Bc3 32. bxa4 Qa6 33. Qf3 Qe2+ 34.
Rf2 Qxf3+ 35. Kxf3 Nxa4 36. g5 Kg8 37. Rc2 Kf7 38. h4 h5 39. Rd3 Be1 40. f6 Rd7
41. Rd1 Ba5 42. Rd3 Bb6 43. Ra3 Nc5 44. Ra8 Ne6 45. Rb2 Rd8 46. Rxd8 Nxd8 47.
Ke4 Ne6 48. Rb4 Nf8 49. f5 Nd7 50. Kd5 Ne5 51. Rb2 Nf3 52. Re2 Nxh4 53. Re7+
Kf8 54. Ke6 d5 55. f7 Ba5 56. f6 1-0

[Event "4. Open Memorial Pedro Lezcano 2011"]
[Site "Gran Canaria ESP"]
[Date "2011.04.22"]
[Round "6.24"]
[White "Camino Carrio, Nicanor"]
[Black "Capote Robayna, Johanna"]
[Result "1-0"]
[WhiteElo "2147"]
[BlackElo "1780"]
[PlyCount "51"]
[EventDate "2011.04.18"]
[EventType "swiss"]
[EventRounds "9"]
[EventCountry "ESP"]
[Source "lmi"]
[SourceDate "2011.04.18"]

1. e4 c5 2. Nf3 Nc6 3. Nc3 g6 4. Bb5 e6 5. Bxc6 dxc6 6. d3 Bg7 7. Be3 Qa5 8.
Qd2 Nf6 9. h3 O-O 10. O-O Nd7 11. Bh6 b5 12. Nh2 b4 13. Ne2 c4 14. Bxg7 Kxg7
15. dxc4 h5 16. b3 Nf6 17. Qe3 Qe5 18. Ng3 h4 19. Nf3 Qc7 20. Nxh4 Rh8 21. Nf3
Bd7 22. Rad1 Rh6 23. e5 Nh5 24. Ne4 Kh7 25. g4 Ng7 26. Nf6+ 1-0

[Event "4. Open Memorial Pedro Lezcano 2011"]
[Site "Gran Canaria ESP"]
[Date "2011.04.22"]
[Round "6.31"]
[White "Leon Manas, Jose Francisco"]
[Black "Majul, Isolina"]
[Result "1-0"]
[WhiteElo "1697"]
[BlackElo "2093"]
[PlyCount "115"]
[EventDate "2011.04.18"]
[EventType "swiss"]
[EventRounds "9"]
[EventCountry "ESP"]
[Source "lmi"]
[SourceDate "2011.04.18"]

1. b4 e5 2. b5 d5 3. Bb2 Nd7 4. e3 Ngf6 5. Nf3 Bd6 6. c4 c6 7. a4 O-O 8. Qc2 e4
9. Nd4 Ne5 10. c5 Bc7 11. h3 Ne8 12. Nc3 f5 13. g3 g6 14. Na2 a5 15. Qc3 Qf6
16. b6 Bb8 17. Nc1 Ng7 18. Ncb3 Ne6 19. Be2 Ng5 20. Nxa5 Rxa5 21. Qxa5 Nef3+
22. Bxf3 Nxf3+ 23. Ke2 f4 24. gxf4 Bxf4 25. Qb4 Be5 26. Kd1 Ng5 27. h4 Nh3 28.
Kc2 Nxf2 29. Rhf1 Bh3 30. Rg1 Nd3 31. Qc3 Qxh4 32. a5 Qf2 33. Rgd1 h5 34. a6
bxa6 35. Rxa6 Bf1 36. Raa1 Qg2 37. b7 h4 38. Ra8 Qf2 39. Rxf8+ Qxf8 40. Qa5
Nxc5 41. Rxf1 Qxf1 42. Qxc5 Qd3+ 43. Kd1 h3 44. Qxc6 Qf1+ 45. Kc2 Qc4+ 46. Qxc4
dxc4 47. Nc6 Bc7 48. Be5 h2 49. Bxh2 Bxh2 50. b8=Q+ Bxb8 51. Nxb8 Kf7 52. Nd7
g5 53. Ne5+ Ke6 54. Ng4 Kd5 55. Kc3 Kc5 56. Nf6 Kb5 57. Nxe4 g4 58. Ng3 1-0

[Event "4. Open Memorial Pedro Lezcano 2011"]
[Site "Gran Canaria ESP"]
[Date "2011.04.22"]
[Round "6.32"]
[White "Santana Montjoy, Javier"]
[Black "Rossello Padron, Carlos"]
[Result "1-0"]
[WhiteElo "1650"]
[BlackElo "2085"]
[PlyCount "23"]
[EventDate "2011.04.18"]
[EventType "swiss"]
[EventRounds "9"]
[EventCountry "ESP"]
[Source "lmi"]
[SourceDate "2011.04.18"]

1. d4 Nf6 2. c4 c5 3. d5 b5 4. Nd2 bxc4 5. e4 c3 6. Nc4 Nxe4 7. Qe2 cxb2 8.
Bxb2 e6 9. Qxe4 Bb7 10. Rd1 Be7 11. Bxg7 exd5 12. Nd6# 1-0